Kodaijin no keshō to sōshingu,
Saved in:
| Main Author: | |
|---|---|
| Format: | Book |
| Language: | Japanese |
| Published: |
Tōkyō,
Sōgen Shinsha,
Shōwa 38 [1963]
|
| Series: | Sōgen sensho,
280 |
| Subjects: | |
| Tags: |
Add Tag
No Tags, Be the first to tag this record!
|
| LEADER | 00829cam a2200241u 4500 | ||
|---|---|---|---|
| 001 | 007721097-2 | ||
| 005 | 20024617115958.0 | ||
| 008 | 900320s1963 ja a 000 0 jpn d | ||
| 035 | 0 | |a ocm21243267 | |
| 040 | |a CLU |c CLU |d *YNH* |d CStRLIN | ||
| 100 | 1 | |6 880-01 |a Harada, Yoshito, |d 1885-1974. | |
| 245 | 1 | 0 | |6 880-02 |a Kodaijin no keshō to sōshingu, |c Harada Yoshito cho. |
| 260 | |6 880-03 |a Tōkyō, |b Sōgen Shinsha, |c Shōwa 38 [1963] | ||
| 300 | |a 186 p. |b illus. |c 19 cm. | ||
| 490 | 0 | |6 880-04 |a Sōgen sensho, |v 280 | |
| 650 | 0 | |a Costume |x History. | |
| 650 | 0 | |a Dress accessories. | |
| 880 | 1 | |6 100-01 |a 原田淑人, |d 1885-1974. | |
| 880 | 1 | 0 | |6 245-02 |a 古代人の化粧と装身具, |c 原田淑人著. |
| 880 | |6 260-03 |a 東京, |b 創元新社, |c 昭和38 [1963] | ||
| 880 | 0 | |6 490-04 |a 創元選書, |v 280 | |
| 988 | |a 20021214 | ||
| 906 | |0 OCLC | ||


